000
00212nam a2200097Ia 4500
005
20251222152046.0
008
251222s9999||||xx |||||||||||||| ||spa||
082
_a
379.24/M61
245
0
_a
Testimonios
942
_c
LIB
999
_c
26226
_d
26226